Countries starting with A - Statistics

General Stats
  • This quiz has been taken 41 times
  • The average score is 9 of 11
Answer Stats
Answer % Correct
Albania
92%
Armenia
92%
Australia
92%
Algeria
89%
Andorra
86%
Angola
86%
Austria
86%
Argentina
83%
Azerbaijan
81%
Antigua and Barbuda
78%
Afghanistan
72%
No matching quizzes found
Score Distribution
Percent of People with Each Score
Percentile by Number Answered
Your Score History
You have not taken this quiz